Statystyki dla Ameryka Południowa

Kliknij tutaj aby rozwiązać quiz!

Ogólne statystyki

  • Ten quiz został rozwiązany 871 razy
    (870 od ostatniego zresetowania)
  • Średni wynik to 8 z 12

Odpowiedzi na mapie

Odpowiedzi skodowane kolorowo w zielono-czerwonej skali na mapie do tego quizu, zgodnie z poniższymi procentami.
 

Statystyki odpowiedzi

Odpowiedź% Poprawnych
Brazylia
87%
Argentyna
86%
Chile
85%
Peru
69%
Kolumbia
67%
Urugwaj
64%
Ekwador
63%
Wenezuela
63%
Boliwia
61%
Paragwaj
61%
Gujana
59%
Surinam
45%

Rozkład punktacji

Percentyl według liczby udzielonych odpowiedzi

Procent ludzi z każdym wynikiem

Twoja historia wyników

Nie rozwiązałeś tego quizu od ostatniego zresetowania